<?xml version="1.0" encoding="UTF-8"?><?xml-stylesheet type="text/xsl" href="static/style.xsl"?><OAI-PMH xmlns="http://www.openarchives.org/OAI/2.0/" xmlns:xsi="http://www.w3.org/2001/XMLSchema-instance" xsi:schemaLocation="http://www.openarchives.org/OAI/2.0/ http://www.openarchives.org/OAI/2.0/OAI-PMH.xsd"><responseDate>2026-04-17T07:57:11Z</responseDate><request verb="GetRecord" identifier="oai:www.recercat.cat:11351/12267" metadataPrefix="marc">https://recercat.cat/oai/request</request><GetRecord><record><header><identifier>oai:recercat.cat:11351/12267</identifier><datestamp>2025-10-24T10:44:08Z</datestamp><setSpec>com_2072_378070</setSpec><setSpec>com_2072_378040</setSpec><setSpec>col_2072_378092</setSpec></header><metadata><record xmlns="http://www.loc.gov/MARC21/slim" xmlns:dcterms="http://purl.org/dc/terms/" xmlns:xsi="http://www.w3.org/2001/XMLSchema-instance" xmlns:doc="http://www.lyncode.com/xoai" xsi:schemaLocation="http://www.loc.gov/MARC21/slim http://www.loc.gov/standards/marcxml/schema/MARC21slim.xsd">
   <leader>00925njm 22002777a 4500</leader>
   <datafield ind2=" " ind1=" " tag="042">
      <subfield code="a">dc</subfield>
   </datafield>
   <datafield ind2=" " ind1=" " tag="720">
      <subfield code="a">Luque, Veronica</subfield>
      <subfield code="e">author</subfield>
   </datafield>
   <datafield ind2=" " ind1=" " tag="720">
      <subfield code="a">Mucarzel, Fernanda</subfield>
      <subfield code="e">author</subfield>
   </datafield>
   <datafield ind2=" " ind1=" " tag="720">
      <subfield code="a">Hertogs, Anna</subfield>
      <subfield code="e">author</subfield>
   </datafield>
   <datafield ind2=" " ind1=" " tag="720">
      <subfield code="a">Seed, Paul T</subfield>
      <subfield code="e">author</subfield>
   </datafield>
   <datafield ind2=" " ind1=" " tag="720">
      <subfield code="a">Flynn, Angela</subfield>
      <subfield code="e">author</subfield>
   </datafield>
   <datafield ind2=" " ind1=" " tag="720">
      <subfield code="a">Poston, Lucilla</subfield>
      <subfield code="e">author</subfield>
   </datafield>
   <datafield ind2=" " ind1=" " tag="260">
      <subfield code="c">2024-11-25T13:17:33Z</subfield>
   </datafield>
   <datafield ind2=" " ind1=" " tag="260">
      <subfield code="c">2024-11-25T13:17:33Z</subfield>
   </datafield>
   <datafield ind2=" " ind1=" " tag="260">
      <subfield code="c">2024-09-28</subfield>
   </datafield>
   <datafield ind2=" " ind1=" " tag="520">
      <subfield code="a">Childhood obesity; Dietary habits; Dietary patterns</subfield>
   </datafield>
   <datafield ind2=" " ind1=" " tag="520">
      <subfield code="a">Obesidad infantil; Hábitos alimentarios; Patrones dietéticos</subfield>
   </datafield>
   <datafield ind2=" " ind1=" " tag="520">
      <subfield code="a">Obesitat infantil; Hàbits alimentaris; Patrons dietètics</subfield>
   </datafield>
   <datafield ind2=" " ind1=" " tag="520">
      <subfield code="a">Background&#xd;
Dietary behaviours in early life often track across the life course, influencing the development of adverse health outcomes such as obesity and cardiovascular disease. This study aimed to explore the between dietary patterns (DP) in preschool children and maternal DP and family eating habits.&#xd;
Methods&#xd;
We conducted a secondary analysis of 488 mother-child pairs from the UK pregnancy Better Eating and Activity Trial (UPBEAT) at 3-year follow-up. Previously published DP from mothers and children (derived from food-frequency questionnaires and exploratory factor analysis) were used. Mothers’ DP were “Fruits-Vegetables”, “African-Caribbean”, “Processed and Snacks”, and children’s DP were “Prudent”, “Processed-Snacking”, and “African-Caribbean”. Family meal environments were evaluated using a 5-point Likert scale.&#xd;
Results&#xd;
Linear regression models revealed that child’s prudent pattern was positively associated with maternal Fruits-Vegetables (B = 0.18 (0.08, 0.27)), Snacks patterns (B = 0.10 (0.01, 0.18)), and eating the same foods during meals (B = 0.25 (0.07, 0.43)). Child’s Processed-Snacking pattern was directly associated with maternal Processed (B = 0.22 (0.13, 0.30)) and Snacks (B = 0.27 (0.18, 0.36)) patterns, receiving food as reward (B = 0.22 (0.04, 0.39)) and watching TV during meals (B = 0.27 (0.09, 0.45)). Finally, the child African-Caribbean pattern was directly associated with that from the mother (B = 0.41 (0.33, 0.50)) and watching TV during meals (B = 0.15 (0.09, 0.30)), and inversely associated with maternal processed (B=-0.09 (-0.17, -0.02)) and snacking (B=-0.08 (-0.15, -0.04)) patterns.&#xd;
Conclusions&#xd;
Unhealthy dietary patterns in childhood are directly linked to similar maternal patterns and family meal behaviours, such as television viewing and food rewards. These findings highlight targetable behaviours for public health interventions.</subfield>
   </datafield>
   <datafield ind2=" " ind1=" " tag="520">
      <subfield code="a">UPBEAT was supported by the European Union’s Seventh Framework Programme (FP7/2007–2013) project Early Nutrition (grant agreement no. 289346), and the National Institute for Health Research (NIHR) (UK) Programme Grants for Applied Research Programme (RP-0407-10452). Support was also provided by the Chief Scientist Office Scotland, Guy’s and St Thomas’ Charity, and Tommy’s Charity (Registered charity no. 1060508). LP is funded by Tommy’s Charity. PTS is partly funded by King’s Health Partners Institute of Women and Children’s Health (KHP) and ARC South London (NIHR). LP is a NIHR Senior Investigator Emeritus (NI-SI-0512-10104). KVD is funded by the MRC (grant number: MR/V005839/1). Dr. Luque receives funding from the Serra Hunter Fellowship from Generalitat de Catalunya, from the European Union’s Horizon 2020 research and innovation programme under the ERA-NET Cofund action (N° 727565), European Joint Programming Initiative “A Healthy Diet for a Healthy Life” (JPI HDHL, EndObesity)”. Project PCI2020-120697-2 funded by MCIN/AEI/ 10.13039/ 501100011033 and by the European Union NextGenerationEU/ PRTR.</subfield>
   </datafield>
   <datafield ind1="8" ind2=" " tag="024">
      <subfield code="a">http://hdl.handle.net/11351/12267</subfield>
   </datafield>
   <datafield tag="653" ind2=" " ind1=" ">
      <subfield code="a">Alletament</subfield>
   </datafield>
   <datafield tag="653" ind2=" " ind1=" ">
      <subfield code="a">Família</subfield>
   </datafield>
   <datafield tag="653" ind2=" " ind1=" ">
      <subfield code="a">Hàbits alimentaris</subfield>
   </datafield>
   <datafield tag="653" ind2=" " ind1=" ">
      <subfield code="a">Infants</subfield>
   </datafield>
   <datafield tag="653" ind2=" " ind1=" ">
      <subfield code="a">NAMED GROUPS::Persons::Age Groups::Child::Child, Preschool</subfield>
   </datafield>
   <datafield tag="653" ind2=" " ind1=" ">
      <subfield code="a">PSYCHIATRY AND PSYCHOLOGY::Behavior and Behavior Mechanisms::Behavior::Behavior, Animal::Feeding Behavior</subfield>
   </datafield>
   <datafield tag="653" ind2=" " ind1=" ">
      <subfield code="a">PHENOMENA AND PROCESSES::Physiological Phenomena::Diet, Food, and Nutrition::Nutritional Physiological Phenomena::Maternal Nutritional Physiological Phenomena</subfield>
   </datafield>
   <datafield tag="653" ind2=" " ind1=" ">
      <subfield code="a">PSYCHIATRY AND PSYCHOLOGY::Behavior and Behavior Mechanisms::Psychology, Social::Family</subfield>
   </datafield>
   <datafield tag="653" ind2=" " ind1=" ">
      <subfield code="a">DENOMINACIONES DE GRUPOS::personas::Grupos de Edad::niño::niño preescolar</subfield>
   </datafield>
   <datafield tag="653" ind2=" " ind1=" ">
      <subfield code="a">PSIQUIATRÍA Y PSICOLOGÍA::conducta y mecanismos de la conducta::conducta::conducta animal::conducta alimentaria</subfield>
   </datafield>
   <datafield tag="653" ind2=" " ind1=" ">
      <subfield code="a">FENÓMENOS Y PROCESOS::fenómenos fisiológicos::dieta, alimentación y nutrición::fenómenos fisiológicos nutricionales::fenómenos fisiológicos nutricionales maternos</subfield>
   </datafield>
   <datafield tag="653" ind2=" " ind1=" ">
      <subfield code="a">PSIQUIATRÍA Y PSICOLOGÍA::conducta y mecanismos de la conducta::psicología social::familia</subfield>
   </datafield>
   <datafield ind2="0" ind1="0" tag="245">
      <subfield code="a">Associations between maternal diet, family eating habits and preschool children’s dietary patterns: insights from the UPBEAT trial</subfield>
   </datafield>
</record></metadata></record></GetRecord></OAI-PMH>